Sports Quiz

Random Sports or Football Quiz

2019 FIFA Women's World Cup Teams Quiz Stats

 Plays Quiz Updated Jul 7, 2019

Score 0/24 Timer 04:00
12 Plays Today
Group Team % Correct
Group FUnited States
98.4%
Group AFrance
94.9%
Group DEngland
94.5%
Group FSweden
92.5%
Group CBrazil
92.1%
Group DJapan
90.8%
Group BGermany
90.4%
Group ENetherlands
90.4%
Group BSpain
89.3%
Group BChina PR
87.1%
Group DArgentina
86.7%
Group ECanada
86.5%
Group Team % Correct
Group CItaly
85.8%
Group CAustralia
83.6%
Group ANorway
80.9%
Group FChile
76.1%
Group ASouth Korea
73.2%
Group ANigeria
72.7%
Group FThailand
72.3%
Group ENew Zealand
72.2%
Group BSouth Africa
70.4%
Group ECameroon
66.1%
Group DScotland
63%
Group CJamaica
57.1%

You're not logged in!

Compare scores with friends on all Sporcle quizzes.
OR
Log In

Sporcle TV

Today on Sporcle TV


Watch our educational content, quiz creation guides, and fun videos on Sporcle TV.

Show Comments

Extras

Top Quizzes Today


Score Distribution

Your Account Isn't Verified!

In order to create a playlist on Sporcle, you need to verify the email address you used during registration. Go to your Sporcle Settings to finish the process.

Report this User

Report this user for behavior that violates our Community Guidelines.

Details: